00471 2200157 4500001002100000005001500021035002000036245009000056100002700146250002000173300003800193260003400231082001000265084001600275020002200291INLIS00000000001705120260401095312 a0010-04260000081 aBATITAKU MANDIRI STIMULASI KEMANDIRIAN BATITA DI RUMAH ANDA /cYOHANA E. HARDJADINATA0 aYOHANA E. HARDJADINATA aCetakan Pertama a77 hlm :bilustrasi ;c19 x 26 cm aJAKARTA :bDIAN RAKYAT,c2009 a618.9 a618.9 YOH b a978-979-523-989-4